书目信息 |
| 题名: |
日本国概况
|
|
| 作者: | 姜春枝 编著 | |
| 分册: | ||
| 出版信息: | 北京 北京大学出版社 2001.10 |
|
| 页数: | 307页 | |
| 开本: | 20cm | |
| 丛书名: | 北大版日语教育丛书 | |
| 单 册: | ||
| 中图分类: | H369.4:K931.3 | |
| 科图分类: | ||
| 主题词: | 日语--语言读物 | |
| 电子资源: | ||
| ISBN: | 7-301-05264-2 | |
| 000 | 00897nam 2200265 450 | |
| 001 | 0165420109 | |
| 005 | 20051008114559.00 | |
| 010 | @a7-301-05264-2@dCNY15.00 | |
| 100 | @a20050418d2001 km y0chiy0120 ea | |
| 101 | 0 | @achi@ajpn |
| 102 | @aCN@b110000 | |
| 105 | @ay a 000yy | |
| 200 | 1 | @a日本国概况@Ari ben guo gai kuang@f姜春枝编著@Fjiang chun zhi bian zhu |
| 210 | @a北京@c北京大学出版社@d2001.10 | |
| 215 | @a307页@d20cm | |
| 225 | 2 | @a北大版日语教育丛书 |
| 320 | @a有书目 (第307页)。 | |
| 330 | @a本书内容涵盖了地理、历史、政治、经济、教育、科技、文学、艺术、体育、宗教和生活习惯等几乎所有领域,为学习者提供了一部全方位了解日本的向导书。 | |
| 410 | 0 | @12001 @a北大版日语教育丛书 |
| 606 | 0 | @a日语@j语言读物 |
| 607 | @a日本@x概况 | |
| 690 | @aH369.4:K931.3@v4 | |
| 701 | 0 | @a姜春枝@Ajiang chun zhi@4编著 |
| 801 | 0 | @aCN@bQSSK@c20051008 |
| 905 | @a10447@dH369.4:K931.3@eJ509 | |
| 日本国概况/姜春枝编著.-北京:北京大学出版社,2001.10 |
| 307页;20cm.-(北大版日语教育丛书) |
| ISBN 7-301-05264-2:CNY15.00 |
| 本书内容涵盖了地理、历史、政治、经济、教育、科技、文学、艺术、体育、宗教和生活习惯等几乎所有领域,为学习者提供了一部全方位了解日本的向导书。 |
| ● |
| 相关链接 |
|
|
|
正题名:日本国概况
索取号:H369.4:K931.3/J509
 
预约/预借
| 序号 | 登录号 | 条形码 | 馆藏地/架位号 | 状态 | 备注 |
| 1 | 574068 | 205740689 | 语言库209/209语言库 132排1列2层/ [索取号:H369.4:K931.3/J509] | 在馆 | |
| 2 | 574069 | 205740698 | 语言库209/209语言库 132排1列2层/ [索取号:H369.4:K931.3/J509] | 在馆 | |
| 3 | 574070 | 205740705 | 语言库209/209语言库 132排1列2层/ [索取号:H369.4:K931.3/J509] | 在馆 |